Hamid's surprise / (Record no. 355258)
[ view plain ]
| 000 -LEADER | |
|---|---|
| fixed length control field | 00469nam a2200181Ia 4500 |
| 008 - FIXED-LENGTH DATA ELEMENTS--GENERAL INFORMATION | |
| fixed length control field | 180207s9999 xx 000 0 und d |
| 020 ## - INTERNATIONAL STANDARD BOOK NUMBER | |
| International Standard Book Number | 9780395740657 |
| 050 ## - LIBRARY OF CONGRESS CALL NUMBER | |
| Item number | P214 1996 |
| 100 ## - MAIN ENTRY--PERSONAL NAME | |
| Personal name | Pape, Donna Lugg |
| 245 ## - TITLE STATEMENT | |
| Title | Hamid's surprise / |
| 245 ## - TITLE STATEMENT | |
| Statement of responsibility, etc | Donna Lugg Pape ; Kathy Mitter. |
| 260 ## - PUBLICATION, DISTRIBUTION, ETC. (IMPRINT) | |
| Place of publication, distribution, etc | Boston, MA : |
| 260 ## - PUBLICATION, DISTRIBUTION, ETC. (IMPRINT) | |
| Name of publisher, distributor, etc | Houghton Mifflin Company, |
| 260 ## - PUBLICATION, DISTRIBUTION, ETC. (IMPRINT) | |
| Date of publication, distribution, etc | 1996 |
| 300 ## - PHYSICAL DESCRIPTION | |
| Extent | 16 pages : |
| 300 ## - PHYSICAL DESCRIPTION | |
| Other physical details | color illustration ; |
| 440 ## - SERIES STATEMENT/ADDED ENTRY--TITLE | |
| Title | Watch me read. |
| Withdrawn status | Lost status | Damaged status | Home library | Current library | Date acquired | Total Checkouts | Full call number | Barcode | Date last seen | Price effective from | Koha item type |
|---|---|---|---|---|---|---|---|---|---|---|---|
| Stonyhurst Southville International School (Malarayat) | Stonyhurst Southville International School (Malarayat) | 02/07/2018 | ER P214 1996 | SSISM4803 | 02/07/2018 | 02/07/2018 | Books |